|
|
|
|
| LEADER |
00000nam a22000007a 4500 |
| 005 |
20110923144727.0 |
| 007 |
cr ||||||||||| |
| 008 |
080205s2007 lu |||||s 001 ||eng|| |
| 020 |
|
|
|a 9282432599 (versi ̤paper)
|
| 020 |
|
|
|a 9789282432594 (versi ̤paper)
|
| 035 |
|
|
|a 2101
|
| 040 |
|
|
|d vLex
|
| 090 |
|
|
|c 2565
|d 2565
|
| 245 |
0 |
0 |
|a Economic and monetary union
|h [Recurso electrn̤ico] :
|b legal and political texts /
|c General Secretariat of the Council of the European Union and European Commission
|
| 256 |
|
|
|a Servicio en ln̕ea.
|
| 260 |
|
|
|a Luxembourg :
|b Office for Official Publications of the European Communities,
|c 2007
|
| 300 |
|
|
|a 1 recurso electrn̤ico
|
| 506 |
1 |
|
|a Contenido solo disponible en los productos indicados
|d vLex Global
|d vLex Global (Academic Edition, excluding Law Schools)
|d vLex Global (U.S. Academic Edition, Law Schools)
|d vLex Global (U.S. Academic Edition, excluding Law Schools)
|d vLex Global (Academic Edition, Law Schools)
|
| 530 |
|
|
|a Versin̤ electrn̤ica del mismo tt̕ulo en papel
|
| 610 |
2 |
4 |
|a Unin̤ Monetaria Europea
|x Aspectos legales
|
| 650 |
0 |
4 |
|a Euro
|x Aspectos legales
|
| 650 |
0 |
4 |
|a Polt̕ica monetaria
|z Unin̤ europea, Paises de la
|
| 650 |
0 |
4 |
|a Sistema Monetario Europeo
|
| 651 |
|
4 |
|a Unin̤ europea, Paises de la
|x Integracin̤ monetaria
|x Aspectos legales
|
| 710 |
2 |
|
|a Comisin̤ Europea
|
| 710 |
2 |
|
|a Consejo de las Comunidades Europeas.
|b Secretara̕ General
|
| 740 |
0 |
|
|a vLex Libros (Servicio en ln̕ea)
|
| 856 |
4 |
0 |
|z Acceso restringido
|u http://vlex.com/source/economic-monetary-union-legal-political-texts-2101
|
| 942 |
|
|
|c BOOK
|